Biblioteca y Centro de Documentación

Progreso y evolución de la inserción de la mujer en actividades productivas y empresariales en América del Sur (Registro nro. 50425)

Detalles MARC
000 -CABECERA
Longitud fija campo de control 01334naa a2200337 c 4500
001 - NÚMERO DE CONTROL
Número de control 50425
003 - IDENTIFICADOR DE NÚMERO DE CONTROL
Identificador del número de control ES-MaCES
005 - FECHA Y HORA DE LA ÚLTIMA TRANSACCIÓN
Fecha y hora de la última transacción 20171226142212.0
008 - CAMPO FIJO DE DESCRIPCIÓN FIJA--INFORMACIÓN GENERAL
Códigos de información de longitud fija   171226s2017 cl ||||| t||||||| ||spa d
040 ## - FUENTE DE CATALOGACIÓN
Centro catalogador de origen ES-MaCES
Lengua de catalogación spa
Centro transcriptor ES-MaCES
Centro modificado ES-MaCES
100 ## - ENCABEZAMIENTO PRINCIPAL--NOMBRE PERSONAL
9 (RLIN) 38858
Nombre de persona Avolio Alecchi, Beatrice
245 10 - MENCIÓN DE TÍTULO
Título Progreso y evolución de la inserción de la mujer en actividades productivas y empresariales en América del Sur
Mención de responsabilidad, etc. Beatrice Avolio Alecchi, Giovanna Francesca Di Laura Mendoza
500 ## - NOTA GENERAL
Nota general Resumen
504 ## - NOTA DE BIBLIOGRAFÍA, ETC.
Nota de bibliografía, etc. Bibliografía: p. 60-62
650 #4 - ASIENTO SECUNDARIO DE MATERIA--TÉRMINO DE MATERIA
9 (RLIN) 28657
Término de materia o nombre geográfico como elemento inicial mujeres
650 #4 - ASIENTO SECUNDARIO DE MATERIA--TÉRMINO DE MATERIA
9 (RLIN) 30663
Término de materia o nombre geográfico como elemento inicial participación de la mujer en el desarrollo
650 #4 - ASIENTO SECUNDARIO DE MATERIA--TÉRMINO DE MATERIA
9 (RLIN) 30610
Término de materia o nombre geográfico como elemento inicial potenciación de las mujeres
650 #4 - ASIENTO SECUNDARIO DE MATERIA--TÉRMINO DE MATERIA
9 (RLIN) 28413
Término de materia o nombre geográfico como elemento inicial trabajadora
650 #4 - ASIENTO SECUNDARIO DE MATERIA--TÉRMINO DE MATERIA
9 (RLIN) 30568
Término de materia o nombre geográfico como elemento inicial empresaria
650 #4 - ASIENTO SECUNDARIO DE MATERIA--TÉRMINO DE MATERIA
9 (RLIN) 28292
Término de materia o nombre geográfico como elemento inicial mercado de trabajo
650 #4 - ASIENTO SECUNDARIO DE MATERIA--TÉRMINO DE MATERIA
9 (RLIN) 30439
Término de materia o nombre geográfico como elemento inicial división del trabajo por sexo
650 #4 - ASIENTO SECUNDARIO DE MATERIA--TÉRMINO DE MATERIA
9 (RLIN) 30040
Término de materia o nombre geográfico como elemento inicial condiciones de empleo
650 #4 - ASIENTO SECUNDARIO DE MATERIA--TÉRMINO DE MATERIA
9 (RLIN) 29942
Término de materia o nombre geográfico como elemento inicial inserción profesional
650 #4 - ASIENTO SECUNDARIO DE MATERIA--TÉRMINO DE MATERIA
9 (RLIN) 29347
Término de materia o nombre geográfico como elemento inicial estadísticas del trabajo
650 #4 - ASIENTO SECUNDARIO DE MATERIA--TÉRMINO DE MATERIA
9 (RLIN) 26882
Término de materia o nombre geográfico como elemento inicial América Latina
653 10 - TÉRMINO DE INDEXACIÓN--NO CONTROLADO
Término no controlado Mujer
700 ## - ENCABEZAMIENTO SECUNDARIO--NOMBRE PERSONAL
9 (RLIN) 38859
Nombre de persona Laura Mendoza, Giovanna Francesca Di
773 0# - ENTRADA DE DOCUMENTO FUENTE
Itemnumber del ítem fuente 86698
Lugar, editor y fecha de publicación Santiago de Chile Naciones Unidas
Otro identificador del documento 089594
Título Revista de la CEPAL
Número de control del registro relacionado (ES-MaCES)25729
Parte(s) relacionada(s) n. 122 (ag. 2017) {10247 R. 089594} ;p. 35-62
902 ## - CES. TIPO DE DOCUMENTO
Tipodoc (006$c Sirtex) ART Artículo de revista
942 ## - ELEMENTOS KOHA
Fuente de clasificaión o esquema Clasificación propia del CES
Koha [por defecto] tipo de item Artículos (1982-2017)
Parte de clasificación Asuntos Sociales

No hay ítems disponibles.

© CES, Consejo Económico y Social de España 2021